[Event "Hessen-ch Seniors op 12th"]
[Site "Bad Sooden-Allendorf"]
[Date "2016.05.02"]
[Round "3"]
[White "Geisensetter, Franz"]
[Black "Viererbe, Hartmut"]
[Result "1-0"]
[WhiteElo "2057"]
[BlackElo "1864"]
[PlyCount "102"]
[EventDate "2016.04.30"]
[EventType "swiss"]
[EventRounds "9"]
[EventCountry "GER"]
[SourceTitle "EXT 2019"]
[Source "ChessBase"]
[SourceDate "2018.10.10"]
[SourceVersion "1"]
[SourceVersionDate "2018.10.10"]
[SourceQuality "1"]

1. e4 c5 2. Nf3 Nf6 3. e5 Nd5 4. c3 Nc6 5. Bb5 Nc7 6. Bxc6 bxc6 7. 0-0 g6 8. d4 cxd4 9. cxd4 Bg7 10. Nc3 0-0 11. Bg5 Rb8 12. Qd2 Ne6 13. Bh6 Bxh6 14. Qxh6 Rxb2 15. Na4 Rb4 16. Nc5 f6 17. Nxe6 dxe6 18. h4 Rf7 19. Qd2 Qb6 20. Rfc1 Bb7 21. Qc3 Rf8 22. a3 Rb3 23. Qc4 Kf7 24. Nd2 Rb2 25. Rab1 Rxb1 26. Rxb1 Qc7 27. Ne4 Rd8 28. Rb3 Bc8 29. Rf3 f5 30. Ng5+ Kg7 31. Qxe6 Rf8 32. Qc4 Qd7 33. Rc3 h6 34. Nf3 Bb7 35. Qc5 Qe6 36. d5 cxd5 37. Nd4 Qxe5 38. Re3 Rc8 39. Qxe7+ Qxe7 40. Rxe7+ Kf6 41. Rxb7 a5 42. Rb6+ Ke5 43. Nf3+ Ke4 44. Rxg6 Rc3 45. Re6+ Kf4 46. Rd6 Ke4 47. Rxh6 Rxa3 48. Ra6 d4 49. h5 Rc3 50. h6 Rc8 51. Rxa5 d3 1-0

[Event "Hessen-ch Seniors op 11th"]
[Site "Bad Sooden-Allendorf"]
[Date "2015.05.17"]
[Round "9"]
[White "Viererbe, Hartmut"]
[Black "Mittelstaedt, Ewald"]
[Result "1/2-1/2"]
[WhiteElo "1890"]
[BlackElo "1591"]
[PlyCount "54"]
[EventDate "2015.05.09"]
[EventType "swiss"]
[EventRounds "9"]
[EventCountry "GER"]
[SourceTitle "EXT 2018"]
[Source "ChessBase"]
[SourceDate "2017.10.13"]
[SourceVersion "1"]
[SourceVersionDate "2017.10.13"]
[SourceQuality "1"]

1. Nf3 d5 2. c4 e6 3. e3 c6 4. Nc3 Nf6 5. Qc2 Nbd7 6. d4 Bd6 7. b3 Qe7 8. c5 Bc7 9. b4 a6 10. Bd3 e5 11. dxe5 Nxe5 12. Nxe5 Bxe5 13. 0-0 Be6 14. Bb2 0-0 15. Rad1 Bg4 16. Rd2 Bh5 17. Re1 Bg6 18. Bxg6 fxg6 19. Qd1 Rad8 20. f3 Rfe8 21. Kh1 g5 22. g3 Bb8 23. Ree2 h5 24. e4 dxe4 25. Rxd8 Rxd8 26. Qb3+ Qf7 27. Qxf7+ Kxf7 1/2-1/2

[Event "Hessen-ch Seniors op 11th"]
[Site "Bad Sooden-Allendorf"]
[Date "2015.05.11"]
[Round "3"]
[White "Viererbe, Hartmut"]
[Black "Fuchs, Manfred"]
[Result "1/2-1/2"]
[WhiteElo "1890"]
[BlackElo "1761"]
[PlyCount "56"]
[EventDate "2015.05.09"]
[EventType "swiss"]
[EventRounds "9"]
[EventCountry "GER"]
[SourceTitle "EXT 2018"]
[Source "ChessBase"]
[SourceDate "2017.10.13"]
[SourceVersion "1"]
[SourceVersionDate "2017.10.13"]
[SourceQuality "1"]

1. Nf3 d5 2. c4 c6 3. Qc2 g6 4. e3 Bg7 5. d4 Nf6 6. Bd3 0-0 7. 0-0 Na6 8. Bd2 Nc7 9. b3 Re8 10. Bc3 Bg4 11. Ne5 Bc8 12. Nd2 Ng4 13. Nxg4 Bxg4 14. h3 Bd7 15. e4 e5 16. dxe5 Bxe5 17. Bxe5 Rxe5 18. f4 Re7 19. Rac1 Rc8 20. Nf3 dxe4 21. Bxe4 f5 22. Bd3 Ne6 23. c5 Nxf4 24. Qc4+ Nd5 25. Qd4 Be6 26. Ne5 Qe8 27. Nc4 Qf8 28. Nd6 Rd8 1/2-1/2

[Event "Hessen-ch Seniors op 10th"]
[Site "Bad Sooden-Allendorf"]
[Date "2014.04.29"]
[Round "4"]
[White "Kalix, Wolfgang"]
[Black "Viererbe, Hartmut"]
[Result "1-0"]
[WhiteElo "2052"]
[BlackElo "1890"]
[PlyCount "65"]
[EventDate "2014.04.26"]
[EventType "swiss"]
[EventRounds "9"]
[EventCountry "GER"]
[SourceTitle "EXT 2018"]
[Source "ChessBase"]
[SourceDate "2017.10.13"]
[SourceVersion "1"]
[SourceVersionDate "2017.10.13"]
[SourceQuality "1"]

1. e4 c5 2. Nf3 Nf6 3. e5 Nd5 4. Nc3 e6 5. Nxd5 exd5 6. d4 Nc6 7. dxc5 Bxc5 8. Bd3 d6 9. exd6 Qxd6 10. 0-0 0-0 11. a3 Bg4 12. Be2 Rad8 13. Qd3 Bxf3 14. Bxf3 Ne5 15. Qf5 Rfe8 16. g3 Re6 17. Bg2 Rf6 18. Qh5 g6 19. Qe2 Re6 20. Bf4 f6 21. Rad1 d4 22. Qb5 a6 23. Qxb7 Rb8 24. Qd5 Rxb2 25. c3 dxc3 26. Qa8+ Qf8 27. Rd8 Reb6 28. Bh6 Qxd8 29. Qxd8+ Kf7 30. Bd5+ Re6 31. Qc7+ Be7 32. Qc8 Rbb6 33. Qxc3 1-0

[Event "Hessen-ch Seniors op 09th"]
[Site "Bad Sooden-Allendorf"]
[Date "2013.04.25"]
[Round "6"]
[White "Viererbe, Hartmut"]
[Black "Ranker, Klemens"]
[Result "1/2-1/2"]
[WhiteElo "1887"]
[BlackElo "1922"]
[PlyCount "108"]
[EventDate "2013.04.20"]
[EventType "swiss"]
[EventRounds "9"]
[EventCountry "GER"]
[SourceTitle "EXT 2019"]
[Source "ChessBase"]
[SourceDate "2018.10.10"]
[SourceVersion "1"]
[SourceVersionDate "2018.10.10"]
[SourceQuality "1"]

1. Nf3 Nf6 2. c4 c5 3. Nc3 d6 4. e4 Nc6 5. d4 cxd4 6. Nxd4 Bd7 7. Be2 g6 8. 0-0 Bg7 9. Be3 0-0 10. Qd2 Nxd4 11. Bxd4 Bc6 12. f3 a6 13. b4 Rc8 14. a4 e5 15. Be3 Ne8 16. Rfd1 f5 17. b5 Bd7 18. Qd5+ Kh8 19. Qxb7 Be6 20. Nd5 axb5 21. axb5 f4 22. Bf2 Rf7 23. Qa6 Rb8 24. b6 Bc8 25. Qa5 Bb7 26. Qb4 Bf8 27. Qb2 h5 28. Rac1 Bxd5 29. Rxd5 Nf6 30. Rd2 Rd7 31. Rcd1 Qe8 32. Qb5 Rbb7 33. Qa4 Qe7 34. Kf1 Kh7 35. Qc6 g5 36. h3 Kg7 37. Rxd6 Rxd6 38. Rxd6 Rxb6 39. Qxb6 Qxd6 40. Qxd6 Bxd6 41. c5 Bc7 42. c6 Ne8 43. Bc5 Kf6 44. Bc4 h4 45. Ke2 Nd6 46. Bd5 Nc8 47. Kd3 Bd6 48. Bf2 Ke7 49. Kc4 Ba3 50. Kb5 Kd6 51. Ka6 Kc7 52. Kb5 Bd6 53. Be6 Ne7 54. Bb6+ Kb8 1/2-1/2

[Event "Hessen-ch Seniors op 09th"]
[Site "Bad Sooden-Allendorf"]
[Date "2013.04.22"]
[Round "3"]
[White "Graffenberger, Marianne"]
[Black "Viererbe, Hartmut"]
[Result "0-1"]
[WhiteElo "1493"]
[BlackElo "1887"]
[PlyCount "70"]
[EventDate "2013.04.20"]
[EventType "swiss"]
[EventRounds "9"]
[EventCountry "GER"]
[SourceTitle "EXT 2019"]
[Source "ChessBase"]
[SourceDate "2018.10.10"]
[SourceVersion "1"]
[SourceVersionDate "2018.10.10"]
[SourceQuality "1"]

1. e4 c5 2. Nf3 g6 3. Nc3 Bg7 4. Be2 Nc6 5. 0-0 a6 6. b3 b5 7. Rb1 Bb7 8. Nd5 e6 9. Ne3 Nd4 10. d3 Ne7 11. Bb2 0-0 12. c3 Nxf3+ 13. Bxf3 Nc6 14. d4 cxd4 15. cxd4 Qb6 16. Nc2 d6 17. Re1 Rad8 18. d5 Ne5 19. a3 Nxf3+ 20. Qxf3 e5 21. Bc1 f5 22. Be3 Qc7 23. Rec1 fxe4 24. Qxe4 Qf7 25. Nb4 Bc8 26. Rb2 Bf5 27. Qh4 Rc8 28. Rxc8 Rxc8 29. g4 Be4 30. g5 Qf3 31. Qxe4 Qxe4 32. Nxa6 Qxd5 33. Nb4 Qd1+ 34. Kg2 e4 35. Rd2 Qg4+ 0-1

[Event "Hessen-ch Seniors op 08th"]
[Site "Bad Sooden-Allendorf"]
[Date "2012.04.16"]
[Round "3"]
[White "Viererbe, Hartmut"]
[Black "Bachmann, Rolf"]
[Result "0-1"]
[WhiteElo "1884"]
[BlackElo "2036"]
[PlyCount "86"]
[EventDate "2012.04.14"]
[EventType "swiss"]
[EventRounds "9"]
[EventCountry "GER"]
[SourceTitle "EXT 2019"]
[Source "ChessBase"]
[SourceDate "2018.10.10"]
[SourceVersion "1"]
[SourceVersionDate "2018.10.10"]
[SourceQuality "1"]

1. Nf3 d5 2. c4 e6 3. e3 c6 4. b3 f5 5. Bb2 Nf6 6. Qc2 g6 7. Be2 Bg7 8. 0-0 0-0 9. d3 Bd7 10. Nbd2 a5 11. a4 Na6 12. Bc3 Nb4 13. Qb2 Qe7 14. Ne5 Be8 15. f4 h6 16. Ndf3 Nh7 17. g3 g5 18. Rf2 Bf6 19. Rg2 g4 20. Nd2 h5 21. Nf1 Bg7 22. Rc1 Nf6 23. Nd2 Kh7 24. Bf1 Bg6 25. Re2 Rfd8 26. Bg2 Be8 27. c5 Nd7 28. Nxd7 Nxd3 29. Qc2 Nxc1 30. Qxc1 Bxd7 31. Bd4 e5 32. fxe5 Bxe5 33. Bf1 Re8 34. Qc3 Kg6 35. Rf2 Qf6 36. Bd3 Bxd4 37. exd4 h4 38. Nf1 h3 39. Rf4 Re7 40. Rxg4+ Kf7 41. Rf4 Rg8 42. Qc2 Re4 43. Bxe4 Qxd4+ 0-1

[Event "Hessen-ch Seniors op 08th"]
[Site "Bad Sooden-Allendorf"]
[Date "2012.04.14"]
[Round "1"]
[White "Viererbe, Hartmut"]
[Black "Wolff, Heinz"]
[Result "1-0"]
[WhiteElo "1884"]
[BlackElo "1630"]
[PlyCount "61"]
[EventDate "2012.04.14"]
[EventType "swiss"]
[EventRounds "9"]
[EventCountry "GER"]
[SourceTitle "EXT 2019"]
[Source "ChessBase"]
[SourceDate "2018.10.10"]
[SourceVersion "1"]
[SourceVersionDate "2018.10.10"]
[SourceQuality "1"]

1. Nf3 d5 2. c4 c6 3. e3 Nf6 4. Nc3 e6 5. b3 Nbd7 6. d4 Be7 7. Bb2 Qc7 8. Qc2 b6 9. 0-0-0 Bb7 10. Bd3 a6 11. Ne2 c5 12. cxd5 exd5 13. Ng3 g6 14. Kb1 0-0 15. Rc1 Rfc8 16. Qe2 Qd8 17. dxc5 Nxc5 18. Bc2 b5 19. Nd4 Qb6 20. h4 h5 21. f4 Nfe4 22. Nxe4 Nxe4 23. Bxe4 dxe4 24. g4 Rxc1+ 25. Bxc1 hxg4 26. Qxg4 Bc5 27. Bb2 Bxd4 28. Bxd4 Qe6 29. Qg5 Bc8 30. Qh6 f6 31. Qxg6+ 1-0

[Event "Hessen-ch Seniors op 07th"]
[Site "Bad Sooden-Allendorf"]
[Date "2011.05.07"]
[Round "8"]
[White "Gunnarsson, Leif"]
[Black "Viererbe, Hartmut"]
[Result "1/2-1/2"]
[WhiteElo "1778"]
[BlackElo "1648"]
[PlyCount "70"]
[EventDate "2011.04.30"]
[EventType "swiss"]
[EventRounds "9"]
[EventCountry "GER"]
[SourceTitle "EXT 2012"]
[Source "ChessBase"]
[SourceDate "2011.11.24"]
[SourceVersion "1"]
[SourceVersionDate "2011.11.24"]
[SourceQuality "1"]

1. e4 c5 2. Nf3 Nf6 3. Nc3 Nc6 4. d4 d5 5. exd5 Nxd5 6. Nxd5 Qxd5 7. Be3 cxd4 8. Nxd4 Qa5+ 9. c3 Nxd4 10. Qxd4 e5 11. Qd2 Be6 12. Be2 Rd8 13. Qc2 a6 14. 0-0 Be7 15. Qe4 Qd5 16. Qxd5 Bxd5 17. Bb6 Rc8 18. Rfd1 Be6 19. a4 0-0 20. a5 Bc5 21. Bf3 Bxb6 22. axb6 Rb8 23. Ra5 Rfd8 24. Rxe5 Rxd1+ 25. Bxd1 Rd8 26. Bf3 Rd6 27. h3 Rxb6 28. b4 Kf8 29. Rc5 Bd7 30. Rc7 Bc6 31. Be2 Bb5 32. Kf1 Ke8 33. Bxb5+ Rxb5 34. Ke2 Re5+ 35. Kf3 Re7 1/2-1/2

[Event "Nordhausen op 8th"]
[Site "Nordhausen"]
[Date "2008.07.31"]
[Round "2.9"]
[White "Dettmann, Gerd"]
[Black "Viererbe, Hartmut"]
[Result "1/2-1/2"]
[WhiteElo "2191"]
[BlackElo "1902"]
[PlyCount "48"]
[EventDate "2008.07.31"]
[EventType "swiss"]
[EventRounds "7"]
[EventCountry "GER"]
[SourceTitle "EXT 2019"]
[Source "ChessBase"]
[SourceDate "2018.10.10"]
[SourceVersion "1"]
[SourceVersionDate "2018.10.10"]
[SourceQuality "1"]

1. e4 c5 2. Nf3 Nf6 3. Nc3 Nc6 4. d4 d5 5. exd5 Nxd5 6. Nxd5 Qxd5 7. Be3 cxd4 8. Nxd4 a6 9. c3 e5 10. Qf3 Qxf3 11. Nxf3 Bg4 12. Bc4 Be7 13. Bd5 Bxf3 14. Bxf3 0-0-0 15. Ke2 Kc7 16. Be4 g6 17. g4 Rhf8 18. Bh6 Rfe8 19. Be3 Rd7 20. Bc2 Bd6 21. a4 a5 22. Bd3 e4 23. Bb5 f5 24. Bxc6 Kxc6 1/2-1/2

[Event "Hessen-ch Seniors op 03rd"]
[Site "Bad Sooden-Allendorf"]
[Date "2007.05.06"]
[Round "9"]
[White "Viererbe, Hartmut"]
[Black "Smits, Oswald"]
[Result "1/2-1/2"]
[WhiteElo "1691"]
[BlackElo "1756"]
[PlyCount "90"]
[EventDate "2007.04.27"]
[EventType "swiss"]
[EventRounds "9"]
[EventCountry "GER"]
[SourceTitle "EXT 2022"]
[Source "ChessBase"]
[SourceDate "2021.10.06"]
[SourceVersion "1"]
[SourceVersionDate "2021.10.06"]
[SourceQuality "1"]

1. e4 d5 2. exd5 Qxd5 3. Nc3 Qa5 4. Bc4 Nf6 5. Nf3 Bg4 6. h3 Bh5 7. d3 c6 8. Qe2 Nbd7 9. Bd2 Qc7 10. g4 Bg6 11. 0-0-0 0-0-0 12. Nh4 e6 13. f4 Bd6 14. Rdf1 Rde8 15. Qf3 h6 16. Nxg6 fxg6 17. Ne4 Nxe4 18. Qxe4 Nc5 19. Qxg6 Rhf8 20. d4 Nd7 21. Bxe6 Kb8 22. Bxd7 Qxd7 23. Qd3 Qf7 24. Kb1 Rd8 25. f5 Ka8 26. Qf3 Qf6 27. c3 Bc7 28. Bf4 Bb6 29. Be5 Qf7 30. Qf4 Rd7 31. h4 Rfd8 32. f6 Qg6+ 33. Qf5 Qxf5+ 34. Rxf5 g6 35. Rf4 Rf7 36. Kc2 Rdd7 37. b4 Bd8 38. a4 b6 39. Rd1 Kb7 40. Rf3 Kc8 41. Rfd3 Bxf6 42. Bxf6 Rxf6 43. b5 cxb5 44. axb5 Rf4 45. Rg1 Rd5 1/2-1/2

[Event "Hessen-ch Seniors op 03rd"]
[Site "Bad Sooden-Allendorf"]
[Date "2007.05.04"]
[Round "7"]
[White "Viererbe, Hartmut"]
[Black "Neumann, Horst"]
[Result "1-0"]
[WhiteElo "1691"]
[BlackElo "1830"]
[PlyCount "55"]
[EventDate "2007.04.27"]
[EventType "swiss"]
[EventRounds "9"]
[EventCountry "GER"]
[SourceTitle "EXT 2022"]
[Source "ChessBase"]
[SourceDate "2021.10.06"]
[SourceVersion "1"]
[SourceVersionDate "2021.10.06"]
[SourceQuality "1"]

1. e4 c6 2. Nc3 d5 3. Nf3 e6 4. d4 Bb4 5. e5 Ne7 6. Bd2 Nd7 7. Bd3 a6 8. 0-0 c5 9. a3 Ba5 10. dxc5 Bxc3 11. Bxc3 Nxc5 12. Be2 Nc6 13. b4 Na4 14. Be1 b5 15. Bd3 Bb7 16. Bd2 h6 17. Rb1 Qc7 18. Re1 Rd8 19. Rb3 0-0 20. Qc1 f5 21. Bxh6 gxh6 22. Qxh6 Bc8 23. Ng5 Qg7 24. Qh4 d4 25. c4 dxc3 26. Re3 Rd4 27. f4 Nxe5 28. Rg3 1-0

[Event "Hessen-ch Seniors op 03rd"]
[Site "Bad Sooden-Allendorf"]
[Date "2007.05.03"]
[Round "6"]
[White "Blosze, Winfried"]
[Black "Viererbe, Hartmut"]
[Result "0-1"]
[WhiteElo "1684"]
[BlackElo "1691"]
[PlyCount "52"]
[EventDate "2007.04.27"]
[EventType "swiss"]
[EventRounds "9"]
[EventCountry "GER"]
[SourceTitle "EXT 2022"]
[Source "ChessBase"]
[SourceDate "2021.10.06"]
[SourceVersion "1"]
[SourceVersionDate "2021.10.06"]
[SourceQuality "1"]

1. e4 c5 2. d4 cxd4 3. c3 dxc3 4. Nxc3 Nc6 5. Nf3 e6 6. Bc4 Bb4 7. 0-0 a6 8. Bf4 b5 9. Bb3 Bb7 10. Qd3 Na5 11. Bc2 Nc4 12. Qd4 f6 13. a3 e5 14. Bxe5 Bxc3 15. Qxc3 Nxe5 16. Nxe5 Rc8 17. Qh3 fxe5 18. Qh5+ Kf8 19. Bb3 Qe7 20. f4 exf4 21. Rxf4+ Nf6 22. e5 Qc5+ 23. Kh1 Bd5 24. exf6 Bxg2+ 25. Kxg2 Qxh5 26. fxg7+ Kxg7 0-1

[Event "Hessen-ch Seniors op 02nd"]
[Site "Bad Sooden-Allendorf"]
[Date "2006.04.27"]
[Round "3"]
[White "Viererbe, Hartmut"]
[Black "Packroff, Hermann"]
[Result "0-1"]
[WhiteElo "1655"]
[BlackElo "2072"]
[PlyCount "38"]
[EventDate "2006.04.25"]
[EventType "swiss"]
[EventRounds "9"]
[EventCountry "GER"]
[SourceTitle "EXT 2007"]
[Source "ChessBase"]
[SourceDate "2006.11.23"]
[SourceVersion "1"]
[SourceVersionDate "2006.11.23"]
[SourceQuality "1"]

1. e4 Nf6 2. Nc3 e5 3. Bc4 Nc6 4. Nge2 Nxe4 5. Nxe4 d5 6. Bb5 dxe4 7. Bxc6+ bxc6 8. Ng3 f5 9. 0-0 Bc5 10. Qe2 0-0 11. d3 Ba6 12. Rd1 Qe7 13. Be3 exd3 14. cxd3 Bxe3 15. fxe3 e4 16. Rac1 Bxd3 17. Rxd3 exd3 18. Qxd3 Rae8 19. Nxf5 Rxf5 0-1

[Event "Hessen-ch Seniors op 01st"]
[Site "Bad Sooden-Allendorf"]
[Date "2005.04.24"]
[Round "3"]
[White "Viererbe, Hartmut"]
[Black "Junker, Wilfried"]
[Result "1/2-1/2"]
[WhiteElo "1677"]
[BlackElo "1693"]
[PlyCount "32"]
[EventDate "2005.04.22"]
[EventType "swiss"]
[EventRounds "9"]
[EventCountry "GER"]
[SourceTitle "EXT 2007"]
[Source "ChessBase"]
[SourceDate "2006.11.23"]
[SourceVersion "1"]
[SourceVersionDate "2006.11.23"]
[SourceQuality "1"]

1. e4 b6 2. d4 e6 3. Nc3 Bb7 4. Bd3 Nf6 5. Bg5 h6 6. Bh4 g5 7. Bg3 Bb4 8. f3 d5 9. e5 Nh5 10. Nge2 Nxg3 11. hxg3 Nd7 12. a3 Be7 13. Nb1 c5 14. c3 c4 15. Bc2 b5 16. Nd2 a5 1/2-1/2